Building back truth in an age of misinformation.

Salvato in:
Dettagli Bibliografici
Autore principale: Stebbins, Leslie F. (Autore)
Altri autori: Zuckerman, Ethan (foreword)
Natura: Sconosciuto
Pubblicazione: Lanham, USA: Rowman & Littlefield Publishers, 2023.
Soggetti:
Tags: Aggiungi Tag
Nessun Tag, puoi essere il primo ad aggiungerne!!

MARC

LEADER 00000 a2200000 4500
003 CL-VaPUC
005 20231116151753.0
008 231115t2023 ||||| |||| 00| 0 eng d
999 |c 442510  |d 442508 
020 |a 9781538163146 
040 |c Pontificia Universidad Católica de Valparaíso 
082 7 |a 302.23 STE 2023  |2 22 
100 |a Stebbins, Leslie F.  |9 885836  |e author 
245 |a Building back truth in an age of misinformation.  
260 |a Lanham, USA:  |b Rowman & Littlefield Publishers,  |c 2023. 
300 |a xiv, 189 páginas.  
583 |k GC  |c 20231115 
650 0 |a Medios de comunicación social  |9 355093 
650 0 |a Medios de comunicación social  |x Aspectos económicos  |9 885886 
650 0 |a Veracidad y falsedad   |9 885887 
650 0 |a Desinformación   |9 885888 
700 |a Zuckerman, Ethan   |e foreword  |9 885889 
942 |2 ddc  |c BK 
952 |0 0  |1 0  |2 ddc  |4 0  |6 302_230000000000000_STE_2023  |7 0  |8 A  |9 592503  |a BIBCUR  |b BIBCUR  |c GEN  |d 2023-11-14  |e 1  |g 42422.00  |i 5659530  |l 3  |o 302.23 STE 2023  |p 5659530  |r 2025-04-22  |s 2024-07-01  |t 1  |v 42422.00  |w 2023-11-14  |y BK  |k PER